000 00964cab a2200241 4500
001 X86569
008 090401t1997 xxu||||| |||| 00| 0 eng d
035 _a(Sirsi) u80982
041 _aeng
245 _aWandsworth v Mills
260 _c1997
350 _a0
490 _aNew Property Cases
_v[1997] NPC 137 (3)
520 _aQBD 5 September 1997. Control of advertisements - hoardings - Town and Country Planning Act 1990 s187B, Local Government Act 1972 s222. T&CP (Control of Advertisement) Regulations 1992. Is a residential nursing home a residential use or a business use? (HEADNOTE FROM JOURNAL) - DO NOT PHOTOCOPY
650 _aADVERTISING HOARDINGS
650 _aLBC WANDSWORTH V MILLS AND ALLEN LTD AND MAIDEN OUTDOOR ADVERTISING
650 _aLOCAL GOVERNMENT ACT 1972
650 _aRESIDENTIAL HOMES
650 _aTOWN AND COUNTRY PLANNING ACT 1990
690 _aPLANNING LAW AND PRACTICE-CASE LAW
942 _n0
948 _c19/09/1997
999 _c51018
_d51018